00282nam a2200121 a 4500008004100000050001500041100001600056245004300072250001200115260000900127300001500136350000900151120416s1974 xx |||||||||||||| || u aTS 205 Gre aGreen, J. N10aMetalwork theory for G.C.E. and C.S.E. a3rd ed. c1974 a88p. : ill a0.00